[Event "Lorraine-ch"]
[Site "Hayange"]
[Date "2013.05.20"]
[Round "6"]
[White "Paperini, Robert"]
[Black "Mitrovic, Slobodan"]
[Result "0-1"]
[WhiteElo "1608"]
[BlackElo "1910"]
[PlyCount "56"]
[EventDate "2013.05.17"]
[EventType "swiss"]
[EventRounds "7"]
[EventCountry "FRA"]
[SourceTitle "EXT 2014"]
[Source "ChessBase"]
[SourceDate "2013.11.20"]
[SourceVersion "1"]
[SourceVersionDate "2013.11.20"]
[SourceQuality "1"]

1. e4 e5 2. Nf3 Nc6 3. Bb5 Nd4 4. Nxd4 exd4 5. d3 Bb4+ 6. c3 dxc3 7. bxc3 Bd6 8. Nd2 Qg5 9. Bc4 Qxg2 10. Qf3 Qxf3 11. Nxf3 f6 12. Rg1 g6 13. Be3 c6 14. Bd4 Be7 15. Ng5 Nh6 16. Nf3 b5 17. Bb3 a5 18. a4 Nf7 19. axb5 cxb5 20. h4 Bb7 21. Ng5 fxg5 22. Bxf7+ Kxf7 23. Bxh8 Rxh8 24. hxg5 a4 25. f4 d5 26. exd5 Bxd5 27. Ke2 Re8 28. Kf2 Bd6 0-1

[Event "Metz op 24th"]
[Site "Metz"]
[Date "2006.04.26"]
[Round "5"]
[White "Mitrovic, Slobodan"]
[Black "Matschek, Norbert"]
[Result "1-0"]
[WhiteElo "1968"]
[BlackElo "1825"]
[PlyCount "62"]
[EventDate "2006.04.22"]
[EventType "swiss"]
[EventRounds "9"]
[EventCountry "FRA"]
[SourceTitle "EXT 2007"]
[Source "ChessBase"]
[SourceDate "2006.11.23"]
[SourceVersion "1"]
[SourceVersionDate "2006.11.23"]
[SourceQuality "1"]

1. b3 Nf6 2. Bb2 e6 3. e3 b6 4. Be2 Bb7 5. Bf3 d5 6. d3 Be7 7. Ne2 c5 8. c4 0-0 9. 0-0 Nc6 10. Na3 Rc8 11. Nc2 Qc7 12. g3 Rfd8 13. cxd5 Nxd5 14. Be4 Nf6 15. Bg2 Ba6 16. Nc1 Rd7 17. Re1 Rcd8 18. Qf3 Bb7 19. Qe2 Nd5 20. d4 Bf6 21. e4 Ndb4 22. Nxb4 Nxb4 23. a3 Ba6 24. Qh5 Nc2 25. e5 Be7 26. Ne2 Nxa1 27. Bxa1 cxd4 28. Be4 g6 29. Qg4 Bxe2 30. Qxe2 d3 31. Qd2 Qc2 1-0